Landlocked, Coastal, or Island? - Statistics

General Stats
  • This quiz has been taken 50 times
  • The average score is 15 of 15
Answer Stats
Question Answer % Correct
Italy Coastal
100%
Mexico Coastal
100%
Gabon Coastal
100%
Guinea-Bissau Coastal
100%
Madagascar Island
100%
Tuvalu Island
100%
Grenada Island
100%
São Tomé and Príncipe Island
100%
Philippines Island
100%
Serbia Landlocked
100%
Mongolia Landlocked
100%
Luxembourg Landlocked
100%
Bolivia Landlocked
95%
Uruguay Coastal
90%
Afghanistan Landlocked
80%
No matching quizzes found
Score Distribution
Percent of People with Each Score
Percentile by Number Answered
Your Score History
You have not taken this quiz